ՀՀ Գիտությունների ազգային ակադեմիայի հիմնարար գիտական գրադարան  =   Fundamental Scientific Library of NAS RA

Ամենայն Հայոց Վեհափառ Հայրապետ Ն.Ս.Օ.Տ.Տ. Վազգէն Ա. Կաթողիկոս եւ իր Թուրքիա այցելութիւնը / (Record no. 182388)

MARC details
000 -LEADER
fixed length control field 00790nam a2200205 u 4500
001 - CONTROL NUMBER
control field 000494620
003 - CONTROL NUMBER IDENTIFIER
control field AM-YeHGA
005 - DATE AND TIME OF LATEST TRANSACTION
control field 20250618072636.0
008 - FIXED-LENGTH DATA ELEMENTS--GENERAL INFORMATION
fixed length control field 060706|1961 ai | |||||||||||||arm|d
040 ## - CATALOGING SOURCE
Original cataloging agency AM-YeHGA
041 0# - LANGUAGE CODE
Language code of text/sound track or separate title arm
090 ## - LOCALLY ASSIGNED LC-TYPE CALL NUMBER (OCLC); LOCAL CALL NUMBER (RLIN)
-- 183841
100 1# - MAIN ENTRY--PERSONAL NAME
Personal name Սըվասլըեան, Յակոբ
245 10 - TITLE STATEMENT
Title Ամենայն Հայոց Վեհափառ Հայրապետ Ն.Ս.Օ.Տ.Տ. Վազգէն Ա. Կաթողիկոս եւ իր Թուրքիա այցելութիւնը /
Statement of responsibility, etc. Պատր.՝ Յ. Սըվասլըեան.
260 ## - PUBLICATION, DISTRIBUTION, ETC.
Place of publication, distribution, etc. Ա. տ. :
Name of publisher, distributor, etc. Ա. հ.,
Date of publication, distribution, etc. 1961.
300 ## - PHYSICAL DESCRIPTION
Extent 72 էջ :
Other physical details լուսանկ. ;
Dimensions 24 սմ.
500 ## - GENERAL NOTE
General note Առանց տիտղթ., նկարագր. է կազմից
500 ## - GENERAL NOTE
General note Սյունակագիր
650 14 - SUBJECT ADDED ENTRY--TOPICAL TERM
Topical term or geographic name entry element Հայ եկեղեցու գործիչներ
9 (RLIN) 4735
Holdings
Withdrawn status Lost status Damaged status Not for loan Collection Home library Current library Date acquired Cost, normal purchase price Total checkouts Full call number Barcode Date last seen Price effective from Koha item type Public note
        General Fundamental Scientific Library Fundamental Scientific Library 28/12/2016 21.00   AII/14587 FL0011761 28/12/2016 28/12/2016 Գրքեր / Books 30 Days Loan


ՀՀ ԳԱԱ հիմնարար գիտական գրադարան
ՀՀ,Երևան 0019
Մարշալ Բաղրամյան 24/6
հեռախոս:(374-10) 52-47-50
Հետադարձ կապ

All site content, except where otherwise noted, is licensed under a
Creative Commons License